Bank Funding Costs for International Banks /

This paper investigates the determinants of bank funding costs for a sample of internationally active banks from 2001-12. We find that changes in banks' unsecured funding costs are associated with bank-specific characteristics such as an institution's credit worthiness and the return on it...

Fuld beskrivelse

Bibliografiske detaljer
Hovedforfatter: Babihuga, Rita
Andre forfattere: Spaltro, Marco
Format: Tidsskrift
Sprog:English
Udgivet: Washington, D.C. : International Monetary Fund, 2014.
Serier:IMF Working Papers; Working Paper ; No. 2014/071
Online adgang:Full text available on IMF
LEADER 02244cas a2200253 a 4500
001 AALejournalIMF014361
008 230101c9999 xx r poo 0 0eng d
020 |c 5.00 USD 
020 |z 9781475517910 
022 |a 1018-5941 
040 |a BD-DhAAL  |c BD-DhAAL 
100 1 |a Babihuga, Rita. 
245 1 0 |a Bank Funding Costs for International Banks /  |c Rita Babihuga, Marco Spaltro. 
264 1 |a Washington, D.C. :  |b International Monetary Fund,  |c 2014. 
300 |a 1 online resource (38 pages) 
490 1 |a IMF Working Papers 
500 |a <strong>Off-Campus Access:</strong> No User ID or Password Required 
500 |a <strong>On-Campus Access:</strong> No User ID or Password Required 
506 |a Electronic access restricted to authorized BRAC University faculty, staff and students 
520 3 |a This paper investigates the determinants of bank funding costs for a sample of internationally active banks from 2001-12. We find that changes in banks' unsecured funding costs are associated with bank-specific characteristics such as an institution's credit worthiness and the return on its market value, and importantly, on the level and quality of capital. Similarly, market factors such as the level of investor risk appetite, as well as shocks to financial markets-notably the US subprime crisis and the Euro Area sovereign debt crisis-have also been key drivers of the sharp rise in bank funding costs. We also find evidence that large systemically important institutions have enjoyed a funding advantage, and that this advantage has risen since the onset of the two crises. With the exception of Euro Area periphery banks, by end-2012 the rise in funding costs had generally been reversed for most major banks as a result of improvments in bank asset quality as well as steps taken to increase resilience, notably higher capitalization. Our results suggest increased capital buffers may potentially support bank lending to the real economy by reducing bank funding costs. 
538 |a Mode of access: Internet 
700 1 |a Spaltro, Marco. 
830 0 |a IMF Working Papers; Working Paper ;  |v No. 2014/071 
856 4 0 |z Full text available on IMF  |u http://elibrary.imf.org/view/journals/001/2014/071/001.2014.issue-071-en.xml  |z IMF e-Library